000 00806nam a2200313 a 4500
003 AR-BaBNM
005 20251128210116.0
008 082120s2002 ||||||||||||||000 | spa||
020 _a950-701-486-1
040 _cAR-BaBNM
245 0 0 _aGoldfish
_bactivity book inglés 2do ciclo EGB
_n3
250 _a1ª ed.
260 _aBuenos Aires
_bAique
_bAnaya
_c1998
300 _a79 p.
_bil.
650 4 _aENSEÑANZA DE IDIOMAS
650 4 _aINGLES
650 4 _aACTIVIDADES DE APRENDIZAJE
650 4 _aVOCABULARIO
650 4 _aGRAMATICA
650 4 _aLIBROS DE TEXTO
653 _aEDUCACION GENERAL BASICA
700 1 _aEchevarría, Carmen
700 1 _aMolina, Sonia
700 1 _aScott, Emma
700 1 _aTrelles, Emma
700 1 _aBacon, Richard
942 _cBK
998 _cCarmen
999 _c14077
_d14077